00490pab a2200145 454500008004000000100002700040245015900067260000900226300001400235362000800249650001300257650001300270650002500283773003600308180718b2015 xxu||||| |||| 00| 0 eng d aKatz-Buonincantro, Jen aDecorative integration or relevant learning? A literature review of studio arts-based management education with recommendations for teaching and research  c2015 ap.81-115. aFeb aReserach aTeaching aManagement education aJournal of Management Education